000 00494ntaaa2200181 4500
003 01
005 20251027202423.0
008 0714s1973 ag 01
040 _aAR-BaBN
_bspa
_cAR-BaBN
_eaacr
_dRIC
082 _a289.4000 Sp1
100 _aSpalding, John Howard
_923054
245 _aIntroduction to Swedenborg's religious thought
250 _a1 ed.
260 _aNew York :
_bSwedenborg Publishing Association,
_c1966
300 _a235 p
650 _aswedenborgianismo
_923055
942 _cBK
999 _c19134
_d19134